000 00997nas a2200325 4500
001 BR0601889
003 BR-BrBNA
005 20231205105957.0
007 ta
008 230509b bl.|||p| |||| 00| 00por d
040 _aBR-BrBNA
_bpor
_cBiblioteca Nacional de Agricultura
041 _a(Pt)
072 _aP34; F08
100 1 _aMiranda, J.C.C. de
100 1 _aVilela, L.
100 1 _aMiranda, L.N. de
245 1 _aDinâmica e contribuição da micorriza arbuscular em sistemas de produção com rotação de culturas
650 _aSOJA
650 _aCAPIM ANDROPÓGON
650 _aMICORRIZA VESICULAR ARBUSCULAR
650 _aPRÁTICA CULTURAL
650 _aROTAÇÃO DE CULTURA
650 _aVARIAÇÃO SAZONAL
650 _aESTUFA
650 _aESPORO
650 _aPASTAGEM
773 0 _tPesquisa Agropecuária Brasileira (Brazil)
_xISSN 0100-204X
_g(Oct 2005), v. 40(10) p. 1005-1014
_wBR0601889
909 _a202311
_bLúcia
_c55
_dLúcia Elande
942 _2AGRIS
_n0
_cANA
999 _c185651
_d185651